000 00353nam a22001457a 4500
008 211014b ||||| |||| 00| 0 eng d
020 _a9781452225319
041 _aeng
080 _23rd
_a159.9
082 _a159.9
100 _a48
101 _aPSI
245 _aClinical Psychology Science, Practice, and Culture
_cPomerantz,A.M
942 _2udc
_cBK
999 _c58227
_d58227